000 00259nam a2200097Ia 4500
001 1196609
005 20250827021810.0
008 250824s9999 xx 000 0 und d
245 0 _aKENDİNİ BİLEN RABBİNİ BİLİR
_cUĞUR KOŞAR
260 _bDESTEK YAYINLARI
999 _c1196609
_d1196609